[Event "Binhai Cup-A 4th"]
[White "Kang, Dorian"]
[Black "Zhou, Weifan"]
[Site "Binhai"]
[Round "7"]
[Result "1-0"]
[Date "2024.08.22"]
[WhiteElo "2172"]
[BlackElo "2033"]
[PlyCount "77"]
[EventDate "2024.08.18"]
[EventType "swiss"]
[EventRounds "9"]
[EventCountry "CHN"]
[SourceTitle "CBM 221 Extra"]
[Source "ChessBase"]
[SourceDate "2024.09.30"]
[SourceVersion "1"]
[SourceVersionDate "2024.09.30"]
[SourceQuality "1"]

1. e4 c5 2. Nf3 d6 3. d4 cxd4 4. Nxd4 Nf6 5. f3 e5 6. Nb3 d5 7. Bg5 d4 8. c3 Nc6 9. cxd4 Bb4+ 10. Bd2 Nxe4 11. Bxb4 Qh4+ 12. g3 Nxg3 13. hxg3 Qxh1 14. Ba3 Bh3 15. N1d2 0-0-0 16. Qc2 Bxf1 17. 0-0-0 Qh6 18. Rxf1 exd4 19. Qf5+ Qe6 20. Qxe6+ fxe6 21. Nc4 Kc7 22. Re1 Rhe8 23. Ne5 Rd5 24. f4 a5 25. Kd2 g5 26. Nxc6 bxc6 27. Nc5 gxf4 28. gxf4 Rg8 29. Rxe6 Rg2+ 30. Re2 Rxe2+ 31. Kxe2 Kb6 32. Nd3 c5 33. b3 Kb5 34. Bc1 c4 35. a4+ Kb6 36. bxc4 Rd8 37. Kf3 h5 38. Ba3 Re8 39. Bc5+ 1-0

[Event "Binhai Cup-A 4th"]
[White "Zhou, Weifan"]
[Black "Gu, Jiazhen"]
[Site "Binhai"]
[Round "3"]
[Result "0-1"]
[Date "2024.08.19"]
[WhiteElo "2033"]
[BlackElo "2133"]
[PlyCount "78"]
[EventDate "2024.08.18"]
[EventType "swiss"]
[EventRounds "9"]
[EventCountry "CHN"]
[SourceTitle "CBM 221 Extra"]
[Source "ChessBase"]
[SourceDate "2024.09.30"]
[SourceVersion "1"]
[SourceVersionDate "2024.09.30"]
[SourceQuality "1"]

1. d4 Nf6 2. Nf3 d5 3. Bf4 c5 4. e3 Nc6 5. Nbd2 e6 6. c3 Nh5 7. Be5 f6 8. Bg3 g6 9. Bd3 Kf7 10. Bh4 cxd4 11. exd4 Nf4 12. Bf1 Bd6 13. Bg3 Re8 14. Bxf4 Bxf4 15. g3 e5 16. dxe5 Nxe5 17. Nxe5+ Rxe5+ 18. Be2 Bg4 19. gxf4 Rxe2+ 20. Qxe2 Bxe2 21. Kxe2 Qe7+ 22. Kd3 Re8 23. Kc2 Qe2 24. Rhf1 Qg4 25. Rae1 Rxe1 26. Rxe1 Qxf4 27. Re3 Qxh2 28. f3 h5 29. Rd3 Qe5 30. Rd4 g5 31. Rb4 b6 32. Ra4 a5 33. b4 h4 34. bxa5 bxa5 35. Kd1 Qxc3 36. Nf1 Qd3+ 37. Nd2 h3 38. Rxa5 h2 39. Ra7+ Kg6 0-1